Teorie her a optimální rozhodování

Guardado en:
Detalles Bibliográficos
Autor principal: Maňas, Miroslav
Formato: Libro
Lenguaje:checo
Publicado: Praha Státní nakladatelství technické literatury 1974
Edición:Vyd. 1.
Colección:Matematický seminář SNTL 6
Acceso en línea:Ver en el OPAC
Etiquetas: Agregar Etiqueta
Sin Etiquetas, Sea el primero en etiquetar este registro!

MARC

LEADER 00000nam a2200000 a 4500
005 20260127134104.0
008 030826s1974 xr a g 001 0 cze c
035 |a vtls008586839 
035 |a SAVUKc179349 
039 9 |a 200809101219  |b mschk03  |y 200602032322  |z VLOAD 
040 |a SAVUK  |b slo  |c SNK  |e AACR2  |d STUSCHK1 
041 1 |a cze 
044 |a xr  |c CZ 
080 |a 65.012.122:519.2 
100 1 |a Maňas, Miroslav 
245 1 0 |a Teorie her a optimální rozhodování  |c Miroslav Maňas 
250 |a Vyd. 1. 
260 |a Praha  |b Státní nakladatelství technické literatury  |c 1974 
300 |a 255 s.  |b príklady. 
490 1 |a Matematický seminář SNTL  |v 6 
504 |a Literatúra, register. 
830 0 |a Matematický seminář SNTL  |v 6 
910 |a savuk 
910 |a SCHK95 
999 |c 3826  |d 3826